00530cam a2200169 a 450000100100000000500170001000800410002703500190006804000300008708200190011710000320013624500700016826000440023830000280028265000240031065000260033400000988620200929161740.0841129s1984 pn a 000 0 spa  a(DLC) 83838734 aDO-SdBNPcDLCdDLCdBNPHU aP861.44bS572L1 aSierra, Stella,d1917-1997.10aLibre y cautiva :bverso y prosa, obra escogida /cStella Sierra. aPanamá :b[Lito Arte Panamex],c1984. a383 p. :bil. ;c24 cm. 4aPoesía panameña 4aLiteratura panameña